00637nam a2200181Ia 4500008004100000020001800041040001800059041000800077100003100085245011800116260004700234300001800281490002800299650002800327650003000355700004900385765002100434130821s1995 ck gr spa  a958 04 2937 5 aCo-BoUCMbspa00aspa1 aCarver, Raymondd1938-198813aLa vida de mi padre cinco ensayos y una meditacióncRaymond Carver ; traducción de Hernando Valencia Goelkel aBogotá (Colombia)bEditorial Normac1995 a123 páginas 3aLa pequeña biblioteca aEnsayos estadounidenses aLiteratura estadounidense1 aValencia Goelkel, Hernandod1928-2004etrad. tMy father's life